Maattam/ (Record no. 26303)

000 -LEADER
fixed length control field 00397nam a22001691a 4500
020 ## - INTERNATIONAL STANDARD BOOK NUMBER
ISBN 9789380081281
082 ## - DEWEY DECIMAL CLASSIFICATION NUMBER
Classification number M3 (FTr.)
Item number MOY/M
100 ## - MAIN ENTRY--AUTHOR NAME
Personal name MoYan
245 ## - TITLE STATEMENT
Title Maattam/
Statement of responsibility, etc by MoYan
260 ## - PUBLICATION, DISTRIBUTION, ETC. (IMPRINT)
Name of publisher Raspberry Books,
Year of publication 2013.
Place of publication
300 ## - PHYSICAL DESCRIPTION
Number of Pages 113p.
650 ## - SUBJECT ADDED ENTRY--TOPICAL TERM
Topical Term Translation Chinese Novel
650 ## - SUBJECT ADDED ENTRY--TOPICAL TERM
Topical Term Novel Malayalam
650 ## - SUBJECT ADDED ENTRY--TOPICAL TERM
Topical Term Literature Malayalam
650 ## - SUBJECT ADDED ENTRY--TOPICAL TERM
Topical Term Literature
942 ## - ADDED ENTRY ELEMENTS (KOHA)
Koha item type Book
Holdings
Withdrawn status Lost status Damaged status Not for loan Permanent Location Current Location Date acquired Cost, normal purchase price Full call number Accession Number Cost, replacement price Price effective from Koha item type
        Sree Sankaracharya University of Sanskrit Sree Sankaracharya University of Sanskrit 08.01.2015 100.00 M3 (FTr.) MOY/M 069538 0.00 08.01.2015 Book